| 000 | 00288 a2200121 4500 | ||
|---|---|---|---|
| 999 |
_c321794 _d321794 |
||
| 001 | 86721 | ||
| 003 | NUST | ||
| 005 | 20180123111201.0 | ||
| 008 | 180123b xxu||||| |||| 00| 0 eng d | ||
| 082 | _a923.58 ASG | ||
| 100 |
_aMuhammad Asghar Khan _99564 |
||
| 245 |
_aMera Siasi Safar _hUrdu |
||
| 260 |
_aLahore _bDoost Publishers _c2011 |
||
| 300 | _a648p. | ||
| 942 |
_aCAE NUST _cBK _k923.58 ASG _2ddc |
||